000 00671nam a2200277Ia 4500
005 20260324133914.0
008 008 260324s9999 xx 000 0 eng d
020 _a9780203717974
037 _aEBOOK
040 _aCRL
040 _beng
040 _cCRL
041 _2eng
041 _aeng
084 _qCRL
100 _aVamik D. Volkan; William F. Greer, Jr.; Gabriele Ast
_91194833
245 0 _aThird Reich in the Unconscious
260 _bTaylor and Francis
260 _c2002
365 _a
365 _b195
856 _uhttp://www.taylorfrancis.com/books/9780203717974
942 _cEBOOK
999 _c1794373
_d1794373